00735cam a22002057a 4500003000500000005001700005008004100022010001000063011001000073035001000083040000900093100002800102245018900130260004100319300002200360502006900382650003200451650002500483650002100508CHAP20220329142317.0000607d2000 mx r 00110 spa d a81448 a82420 a92915 cCHAP00aGordillo López, Eric.10aEvaluación de la regeneración natural de cedro rojo (Cedrela odorata L.) y caoba (Swietenia macrophylla King.) en la zona maya de Quintana Roo, Méxicoc/por Eric Gordillo López aChapingo, Méx. :bEl autor,c2000. a97 h. ;bgráfs. aTesis (Ing. Forestal) -- UACH. División de Ciencias Forestales11aRegeneración (Biología)14aCaobaxQuintana Roo.14aCedrela odorata.